00560nam a2200229Ia 4500001000900000003000500009005001700014008004100031010001100072020002200083040000900105082002300114245003000137260005200167300001100219440003900230503000700269650001600276650001500292650001100307650001200318dia_3346CHAP20251023164923.0220117s2008 xx 000 0 und d a176992 a978-2-904176-29-6 cCHAP aC 635.976 A73 2008 a2000 árboles y arbustos aEspaña :b Horticolor :,b De Vicchi,c2008 a300 p. aPlantas de los viveros españoles aC. aÁrboles  aArbustos  aShrubs aTrees